Страны по количеству миллиардеров - Statistics

General Stats
  • This quiz has been taken 20 times
  • The average score is 57 of 74
Answer Stats
Кол-во Страна % Correct
989 Соединённые Штаты Америки
100%
610 Китай
100%
229 Индия
100%
212 Германия
100%
147 Россия
100%
89 Италия
100%
82 Канада
100%
70 Бразилия
100%
56 Великобритания
100%
51 Франция
100%
22 Мексика
100%
5 Аргентина
100%
50 Швеция
92%
41 Япония
92%
34 Испания
92%
32 Турция
92%
17 Норвегия
92%
16 Греция
92%
9 Дания
92%
7 Украина
92%
5 Египет
92%
2 Катар
92%
1 Португалия
92%
1 Хорватия
92%
49 Республика Корея
83%
47 Австралия
83%
45 Швейцария
83%
33 Индонезия
83%
25 Таиланд
83%
15 Саудовская Аравия
83%
10 Польша
83%
9 Австрия
83%
7 Финляндия
83%
7 Южно-Африканская Республика
83%
6 Казахстан
83%
6 Объединённые Арабские Эмираты
83%
4 Венгрия
83%
55 Сингапур
75%
42 Израиль
75%
13 Нидерланды
75%
11 Бельгия
75%
11 Чехия
75%
6 Румыния
75%
6 Чили
75%
5 Новая Зеландия
75%
3 Марокко
75%
2 Грузия
75%
2 Монако
75%
1 Армения
75%
66 Тайвань
67%
15 Филиппины
67%
11 Ирландия
67%
4 Колумбия
67%
2 Болгария
67%
2 Непал
67%
2 Оман
67%
2 Словакия
67%
1 Алжир
67%
1 Исландия
67%
1 Лихтенштейн
67%
1 Люксембург
67%
10 Кипр
58%
1 Албания
58%
1 Венесуэла
58%
19 Малайзия
50%
6 Ливан
50%
5 Вьетнам
50%
2 Эстония
50%
4 Нигерия
42%
1 Зимбабве
33%
1 Танзания
33%
1 Эсватини
33%
1 Барбадос
25%
1 Белиз
25%
No matching quizzes found
Score Distribution
Percent of People with Each Score
Percentile by Number Answered
Your Score History
You have not taken this quiz